A pequena bruxa (Record no. 48664)

MARC details
000 -LÍDER
campo de controle de tamanho fixo 00365 a2200169 4500
001 - NÚMERO DE CONTROLE
campo de controle 48664
020 ## - ISBN - INTERNATIONAL STANDARD BOOK NUMBER
ISBN - International Standard Book Number 8516022269
040 ## - FONTE DA CATALOGAÇÃO
Instituição que transcreveu o registro Anchieta - Bela Vista
100 ## - ENTRADA PRINCIPAL--NOME PESSOAL
Nome pessoal Bandeira, Pedro
240 10 - TÍTULO UNIFORME
Título uniforme A pequena bruxa
Idioma da obra por
245 10 - TÍTULO
Título A pequena bruxa
300 ## - DESCRIÇÃO FÍSICA
Extensão 48
362 0# - DATAS DE PUBLICAÇÃO E/OU DESIGNAÇÃO SEQUENCIAL
Datas de publicação e/ou designação sequencial 2009
440 #1 - DECLARAÇÃO DE SÉRIE/ENTRADA ADICIONADA--TÍTULO
Título Moderna
650 #4 - ASSUNTO--TERMO TÓPICO
Cabeçalho tópico ou nome geográfico Literatura infanto-juvenil
942 ## - ELEMENTOS DE ENTRADA ADICIONADOS (KOHA)
Tipo de material Koha Livros
Holdings
Situação do descarte Situação das perdas Situação física Não pode ser emprestado Biblioteca de origem Biblioteca atual Data de aquisição Total de empréstimos Número de chamada completo Código de barras Data de último acesso Data do preço efetivo Tipo de material Koha Data do último empréstimo
        Colégio Anchieta - Bela Vista Colégio Anchieta - Bela Vista 21/11/2023   028.5 B214 BAN PEQ 805/BEL 21/11/2023 21/11/2023 Livros  
        Colégio Anchieta - Bela Vista Colégio Anchieta - Bela Vista 21/11/2023 1 028.5 B214 BAN PEQ 806/BEL 23/11/2023 21/11/2023 Livros 21/11/2023